| 000 | 00476nam a2200181Ia 4500 | ||
|---|---|---|---|
| 001 | 7399 | ||
| 005 | 20260306160452.0 | ||
| 008 | 260306t2013||||xx |||||||||||||| ||spa|| | ||
| 041 | _aESP | ||
| 082 |
_a338.9 _bV72 |
||
| 100 |
_aViñas Apaolaza, Ana Isabel _eAUT |
||
| 245 | 0 |
_aAnálisis del entorno económico internacional: _binstrumentos y políticas |
|
| 260 | _c2013 | ||
| 300 |
_a338 páginas : _c24 cm. |
||
| 650 | _aGEN | ||
| 654 | _aCAN | ||
| 942 |
_cLIB _dJUS _fJUS _2ddc _n |
||
| 999 |
_c7399 _d7399 |
||